000 01363nam a2200337 a 4500
001 ebr10555103
003 CaPaEBR
006 m u
007 cr cn|||||||||
008 120516s2012 enka s 001 0 eng d
020 _z9781849683500
020 _z9781849683517 (e-book)
040 _aCaPaEBR
_cCaPaEBR
035 _a(OCoLC)793325078
050 1 4 _aQA76.76.A65
_bC54 2012eb
100 1 _aCleeren, Gill.
245 1 0 _aMicrosoft Silverlight 5 data and services cookbook
_h[electronic resource] :
_bover 100 practical recipes for creating rich, data-driven, business applications in Silverlight 5 /
_cGill Cleeren, Kevin Dockx.
250 _a2nd ed.
260 _aBirmingham [England] :
_bPackt Pub.,
_c2012.
300 _av, 644 p. :
_bill. (some col.).
490 0 _aQuick answers to common problems
500 _aIncludes index.
533 _aElectronic reproduction.
_bPalo Alto, Calif. :
_cebrary,
_d2011.
_nAvailable via World Wide Web.
_nAccess may be limited to ebrary affiliated libraries.
650 0 _aApplication software.
650 0 _aMicrosoft software.
655 7 _aElectronic books.
_2local
700 1 _aDockx, Kevin.
710 2 _aMicrosoft Corporation.
710 2 _aebrary, Inc.
856 4 0 _uhttp://site.ebrary.com/lib/rucke/Doc?id=10555103
_zAn electronic book accessible through the World Wide Web; click to view
999 _c91910
_d91910